Financie podnikov a odvetví praktikum

Bibliographic Details
Main Author: Šedivý, Ľubomír (Author)
Format: Book
Language:Slovak
PhysicalDescription:237 strán tabuľky 20 cm
Published: Bratislava Vysoká škola ekonomická 1984
Edition:1. vyd.
Series:Vysokoškolské skriptá
Subjects:

MARC

LEADER 00000cam a2200000 a 4500
001 vtls001118989
003 SK-MaSNL
005 20260301233311.0
008 240513s1984 xo a frnp 00000 slo
015 |a SNBA1984/07 
035 |a SNK000061832 
040 |a SNK  |b slo  |c SNK  |e AACR2 
044 |a xo  |c SK 
072 7 |a 37.016  |x Učebné osnovy. Vyučovacie predmety. Učebnice  |2 konspekt 
072 7 |a 658  |x Riadenie a správa podniku  |2 konspekt 
080 |a 658.15(075.8)(076.5)  |2 1981 
080 |a 336.6(075.8)(076.5)  |2 1981 
080 |a 658.14/.17  |2 2011 
080 |a (076.5)  |2 2011 
080 |a (075.8)  |2 2011 
100 1 |a Šedivý, Ľubomír  |4 aut  |9 418919 
245 1 0 |a Financie podnikov a odvetví  |b praktikum  |c Ľubomír Šedivý 
250 |a 1. vyd. 
260 |a Bratislava  |b Vysoká škola ekonomická  |c 1984  |e Bratislava  |f Edičné stredisko VŠE 
300 |a 237 strán  |b tabuľky  |c 20 cm 
366 |e 300 výtl. 
490 1 |a Vysokoškolské skriptá 
650 0 7 |a podnikové financie  |2 SNKPH  |9 4308 
650 0 7 |a finančný manažment  |2 SNKPH  |9 928 
655 7 |a učebnice vysokých škôl  |2 SNKPH  |9 70191 
655 7 |a Textbooks (higher)  |2 SNKPHeng  |9 276436 
655 7 |a praktické cvičenia  |2 SNKPH  |9 70517 
655 7 |a Problems, exercises, etc.  |2 SNKPHeng  |9 278342 
830 0 |a Vysokoškolské skriptá  |9 276440 
958 |a OND 
958 |a RM 
958 |a UV 
999 |c 965539  |d 967469 
952 |t P60, <04>, [BOOK], {604}  |a SNK  |b SNK  |y VYP  |7 0  |p 17A0106269  |o snkSD 55804 D1  |0 0  |1 0  |4 0  |d 1997-11-06  |l 0  |r 2004-12-31 00:00:00  |w 2026-02-24